| 000 | 00673nam a2200253Ia 4500 | ||
|---|---|---|---|
| 008 | 200601s9999 xx 000 0 und d | ||
| 020 | _a978-1-119-45789-3 | ||
| 050 | _aComSc QA 76.73 | ||
| 050 | _b.P98M84 2018 | ||
| 100 | _aMueller, John Paul. | ||
| 245 | 0 | _aBeginning programming with python / | |
| 245 | 0 | _cJohn Paul Mueller. | |
| 250 | _a2nd Edition | ||
| 260 | _aNew Jersey : | ||
| 260 | _bJohn Wiley & Sons, | ||
| 260 | _c2018 | ||
| 300 | _a392 pages : | ||
| 300 | _billustrations ; | ||
| 300 | _c24 cm. | ||
| 440 | _aFor dummies | ||
| 500 | _aIncludes index. | ||
| 650 | _aPython (Computer program language). | ||
| 650 | _xComputer programming. | ||
| 999 |
_c363154 _d363154 |
||